• 首页
  • 本馆介绍
  • 公告通知
  • 最新文献
  • 馆藏检索
  • 电子资源
  • 读者导购
  • 参考咨询
  • 我的图书馆
  • 登录
  • 详细信息显示
  • 放入我的书架
  • 预约/预借图书
  • 作者相关作品
  • 分类相关作品
  • 丛书相关作品
  • 出版社相关作品

书目信息

  • 表格格式
  • 工作单格式
  • 卡片格式
题名:
考证 考证 职业资格考证指南
    
 
作者: 陈诗达 编
分册:  
出版信息: 杭州   浙江科学技术出版社  2004
页数: 208页
开本: 20cm
丛书名:
单 册:
中图分类: C975
科图分类:
主题词: 职业培训
电子资源:
ISBN: 7-5341-1640-6
000 00579nam0 2200193 450
001 0559900702
005 20051020172808.25
010    @a7-5341-1640-6@dCNY12.00
100    @a20051020d2004 km y0chiy0120 ea
101 0  @achi
102    @aCN@b330000
200 1  @a考证 考证 职业资格考证指南@Akao zheng kao zheng zhi ye zi ge kao zheng zhi nan@f陈诗达等编@Fchen shi da deng bian
210    @a杭州@c浙江科学技术出版社@d2004
215 1  @a208页@d20cm
606 0  @a职业培训
690    @aC975@v4
701  0 @a陈诗达@Achen shi da@4编
801  0 @aCN@bPFT@c20051020
905    @a10447@dC975@e30
    
    考证 考证 职业资格考证指南/陈诗达等编.-杭州:浙江科学技术出版社,2004
    208页;20cm
    
    
    ISBN 7-5341-1640-6:CNY12.00
    
●
相关链接 在E读中查询图书 在五车中查询图书 在当当中查询图书 在豆瓣中查询图书


正题名:考证 考证 职业资格考证指南     索取号:C975/30         预约/预借

序号 登录号 条形码 馆藏地/架位号 状态 备注
1 0349288   203492880   第一样本阅览室/ [索取号:C975/30] 在馆    
2 0349289   203492899   第一借阅区/ [索取号:C975/30] 在馆    
3 0349290   203492906   第一借阅区/ [索取号:C975/30] 在馆    
4 0349291   203492915   第一借阅区/ [索取号:C975/30] 在馆    
5 0349292   203492924   第一借阅区/ [索取号:C975/30] 在馆    
唐山师范学院图书馆 欢迎您!
大连网信软件有限公司© 版权所有